|
|
|
|
| LEADER |
00000naa a2200000uu 4500 |
| 001 |
vtls010956672 |
| 003 |
SK-MaSNL |
| 005 |
20260302130106.0 |
| 008 |
210905|2007 xo |||||||||||||||||slo| |
| 015 |
|
|
|a SNBRA
|
| 035 |
|
|
|a (urnnbn)urn:nbn:sk:snk:ar-a0bo8w
|
| 035 |
|
|
|a (uuid)74ef8dff-de67-4f76-b0f0-60aeda338dcf
|
| 035 |
|
|
|a urn:nbn:sk:snk-aaug3o
|
| 040 |
|
|
|a SNKBUCL
|b slo
|c SNKBUCL
|e AACR2
|
| 041 |
0 |
|
|a slo
|
| 044 |
|
|
|a xo
|c SK
|
| 100 |
1 |
|
|a Hucko, Pavel
|4 aut
|9 10869
|
| 245 |
1 |
0 |
|a PCB kontaminácia dnových sedimentov rieky Laborec a Zemplínskej Šíravy
|c Pavel Hucko
|
| 773 |
0 |
|
|t Polychrónové bifenyly a kontaminácia územia PCB v Slovenskej republike
|d Bratislava : UNDP Bratislava Regional Centre, 2007
|g S. 138-148
|z 9789295042698
|
| 958 |
|
|
|a OND
|
| 958 |
|
|
|a article11
|
| 958 |
|
|
|a chapter
|
| 999 |
|
|
|c 1297331
|d 1299261
|